[Event "Moscow Open A,B"]
[Site "?"]
[Date "2017.02.02"]
[Round "6.7"]
[White "Atabayev, Maksat"]
[Black "Lomasov, Semen"]
[Result "1/2-1/2"]
[BlackElo "2441"]
[WhiteElo "2492"]
[LiveChessVersion "1.4.8"]

1. Nf3 {[%clk 1:22:44]} Nf6 {[%clk 1:30:38]} 2. b3 {[%clk 1:21:19]} e6
{[%clk 1:27:21]} 3. Bb2 {[%clk 1:21:25]} d5 {[%clk 1:27:10]} 4. g3
{[%clk 1:20:03]} Be7 {[%clk 1:27:32]} 5. Bg2 {[%clk 1:20:28]} O-O
{[%clk 1:27:39]} 6. O-O {[%clk 1:20:54]} a5 {[%clk 1:28:04]} 7. a4
{[%clk 1:18:05]} b6 {[%clk 1:19:18]} 8. d3 {[%clk 1:18:16]} Bb7 {[%clk 1:19:30]}
9. Nbd2 {[%clk 1:18:40]} Nbd7 {[%clk 1:14:24]} 10. c4 {[%clk 1:11:49]} Re8
{[%clk 1:05:52]} 11. Rc1 {[%clk 1:06:24]} Bb4 {[%clk 1:04:46]} 12. Ne5
{[%clk 1:04:10]} Nxe5 {[%clk 1:03:39]} 13. Bxe5 {[%clk 1:04:26]} Nd7
{[%clk 1:03:54]} 14. Bb2 {[%clk 1:03:47]} Nc5 {[%clk 0:44:10]} 15. Nf3
{[%clk 1:01:02]} f6 {[%clk 0:43:48]} 16. d4 {[%clk 1:01:21]} Ne4 {[%clk 0:44:05]}
17. Qc2 {[%clk 1:01:44]} Rc8 {[%clk 0:43:25]} 18. Rfd1 {[%clk 1:01:46]} c5
{[%clk 0:32:34]} 19. e3 {[%clk 1:01:19]} Qe7 {[%clk 0:30:32]} 20. Ne1
{[%clk 0:48:24]} Nd6 {[%clk 0:30:16]} 21. cxd5 {[%clk 0:32:19]} cxd4
{[%clk 0:30:21]} 22. Qe2 {[%clk 0:32:42]} dxe3 {[%clk 0:24:31]} 23. Qxe3
{[%clk 0:33:04]} Rxc1 {[%clk 0:24:10]} 24. Rxc1 {[%clk 0:32:29]} Bxd5
{[%clk 0:15:32]} 25. Bxd5 {[%clk 0:23:34]} exd5 {[%clk 0:16:00]} 26. Qxe7
{[%clk 0:23:57]} Rxe7 {[%clk 0:16:21]} 27. Nd3 {[%clk 0:24:24]} Re2
{[%clk 0:09:00]} 28. Nxb4 {[%clk 0:24:26]} Rxb2 {[%clk 0:08:34]} 29. Nxd5
{[%clk 0:24:51]} Rxb3 {[%clk 0:08:59]} 30. Rc6 {[%clk 0:25:17]} Ne4
{[%clk 0:08:46]} 31. Rxb6 {[%clk 0:25:38]} Rxb6 {[%clk 0:07:39]} 32. Nxb6
{[%clk 0:26:04]} Kf7 {[%clk 0:06:52]} 33. Nc4 {[%clk 0:26:27]} Nc5
{[%clk 0:07:06]} 34. Nxa5 {[%clk 0:26:54]} Nxa4 {[%clk 0:07:32]} 35. Nc4
{[%clk 0:27:01]} Nc5 {[%clk 0:07:54]} 36. f3 {[%clk 0:27:20]} g6 {[%clk 0:08:07]}
37. Kf2 {[%clk 0:27:47]} Ke6 {[%clk 0:08:27]} 38. Ke3 {[%clk 0:28:14]} Kd5
{[%clk 0:08:48]} 39. Nb6+ {[%clk 0:28:37]} Kc6 {[%clk 0:08:59]} 40. Nc4
{[%clk 0:59:05]} Kd5 {[%clk 0:39:22]} 41. Nb6+ {[%clk 0:59:31]} 1/2-1/2

[Event "Moscow Open A,B"]
[Site "?"]
[Date "2017.02.02"]
[Round "6.8"]
[White "Chernobay, Artem"]
[Black "Faizrakhmanov, Ramil"]
[Result "1/2-1/2"]
[BlackElo "2432"]
[WhiteElo "2488"]
[LiveChessVersion "1.4.8"]

1. e4 {[%clk 1:30:54]} e5 {[%clk 1:30:42]} 2. Nf3 {[%clk 1:30:46]} Nc6
{[%clk 1:30:52]} 3. d4 {[%clk 1:30:27]} exd4 {[%clk 1:30:31]} 4. Bc4
{[%clk 1:30:15]} Nf6 {[%clk 1:29:17]} 5. e5 {[%clk 1:29:41]} d5 {[%clk 1:28:03]}
6. Bb5 {[%clk 1:30:03]} Ne4 {[%clk 1:25:05]} 7. Nxd4 {[%clk 1:30:09]} Bd7
{[%clk 1:23:23]} 8. Bxc6 {[%clk 1:30:27]} bxc6 {[%clk 1:22:49]} 9. O-O
{[%clk 1:30:45]} Bc5 {[%clk 1:19:46]} 10. f3 {[%clk 1:30:08]} Ng5
{[%clk 1:18:05]} 11. Be3 {[%clk 1:29:14]} O-O {[%clk 1:16:33]} 12. f4
{[%clk 1:27:05]} Ne4 {[%clk 1:14:52]} 13. Nd2 {[%clk 1:27:20]} f6
{[%clk 0:54:00]} 14. Nxe4 {[%clk 1:20:03]} dxe4 {[%clk 0:54:15]} 15. Qe2
{[%clk 1:20:02]} Qe7 {[%clk 0:46:26]} 16. Nb3 {[%clk 1:15:26]} Bxe3+
{[%clk 0:38:33]} 17. Qxe3 {[%clk 1:15:50]} fxe5 {[%clk 0:37:24]} 18. Qxe4
{[%clk 1:16:14]} Bf5 {[%clk 0:36:29]} 19. Qxe5 {[%clk 1:12:23]} Qxe5
{[%clk 0:36:52]} 20. fxe5 {[%clk 1:12:49]} Bxc2 {[%clk 0:37:14]} 21. Nc5
{[%clk 1:13:08]} Rfe8 {[%clk 0:35:24]} 22. Rac1 {[%clk 1:10:19]} Bg6
{[%clk 0:34:23]} 23. Rfe1 {[%clk 1:10:40]} Rad8 {[%clk 0:30:50]} 24. Nb3
{[%clk 0:53:10]} Bf7 {[%clk 0:24:24]} 25. Rxc6 {[%clk 0:49:14]} Bxb3
{[%clk 0:23:41]} 26. axb3 {[%clk 0:49:36]} Re7 {[%clk 0:23:50]} 27. Ra6
{[%clk 0:30:13]} Rd2 {[%clk 0:21:24]} 28. Rxa7 {[%clk 0:30:05]} Rxb2
{[%clk 0:21:07]} 29. Re3 {[%clk 0:29:54]} h6 {[%clk 0:16:50]} 30. h4
{[%clk 0:30:04]} Rc2 {[%clk 0:15:54]} 31. Ra5 {[%clk 0:27:22]} Kf7
{[%clk 0:15:50]} 32. Kh2 {[%clk 0:26:47]} Ke6 {[%clk 0:15:00]} 33. Kh3
{[%clk 0:23:54]} Rf7 {[%clk 0:09:47]} 34. h5 {[%clk 0:11:11]} Rf5
{[%clk 0:08:40]} 35. g4 {[%clk 0:11:17]} Rf7 {[%clk 0:08:41]} 36. Kg3
{[%clk 0:10:57]} Rd7 {[%clk 0:07:29]} 37. Ra8 {[%clk 0:10:22]} Rc1
{[%clk 0:05:26]} 38. Re8+ {[%clk 0:08:10]} Kf7 {[%clk 0:05:42]} 39. Rc8
{[%clk 0:07:31]} Ke6 {[%clk 0:05:24]} 40. Re8+ {[%clk 0:35:10]} Kf7
{[%clk 0:35:47]} 41. e6+ {[%clk 0:29:40]} Kxe8 {[%clk 0:36:10]} 42. exd7+
{[%clk 0:30:08]} Kxd7 {[%clk 0:36:31]} 43. Kf4 {[%clk 0:30:36]} Rc5
{[%clk 0:33:55]} 44. Re4 {[%clk 0:22:42]} 1/2-1/2

[Event "Moscow Open A,B"]
[Site "?"]
[Date "2017.02.02"]
[Round "6.11"]
[White "Sjugirov, Sanan"]
[Black "Shevchenko, Kirill"]
[Result "1-0"]
[BlackElo "2453"]
[WhiteElo "2673"]
[LiveChessVersion "1.4.8"]

1. c4 {[%clk 1:30:53]} Nf6 {[%clk 1:30:53]} 2. Nc3 {[%clk 1:31:06]} e6
{[%clk 1:31:13]} 3. e4 {[%clk 1:31:13]} d5 {[%clk 1:31:35]} 4. cxd5
{[%clk 1:31:15]} exd5 {[%clk 1:31:56]} 5. e5 {[%clk 1:31:23]} d4 {[%clk 1:20:26]}
6. exf6 {[%clk 1:30:56]} dxc3 {[%clk 1:20:50]} 7. Bb5+ {[%clk 1:31:09]} c6
{[%clk 1:11:50]} 8. Qe2+ {[%clk 1:30:57]} Be6 {[%clk 1:12:11]} 9. Bc4
{[%clk 1:31:10]} Qxf6 {[%clk 1:10:09]} 10. dxc3 {[%clk 1:29:33]} Be7
{[%clk 1:00:45]} 11. Bxe6 {[%clk 1:29:32]} Qxe6 {[%clk 1:00:46]} 12. Qxe6
{[%clk 1:29:08]} fxe6 {[%clk 1:01:12]} 13. Nf3 {[%clk 1:26:37]} Nd7
{[%clk 1:01:09]} 14. O-O {[%clk 1:22:50]} Bf6 {[%clk 0:56:44]} 15. Be3
{[%clk 1:08:25]} Kf7 {[%clk 0:45:26]} 16. Nd2 {[%clk 1:01:05]} Rhd8
{[%clk 0:38:44]} 17. Ne4 {[%clk 1:00:31]} Nb6 {[%clk 0:36:18]} 18. Rad1
{[%clk 0:58:21]} Rxd1 {[%clk 0:30:01]} 19. Rxd1 {[%clk 0:58:45]} Be7
{[%clk 0:29:47]} 20. Bc5 {[%clk 0:53:24]} h6 {[%clk 0:20:37]} 21. Bxe7
{[%clk 0:40:04]} Kxe7 {[%clk 0:21:03]} 22. Nc5 {[%clk 0:40:26]} Rb8
{[%clk 0:21:07]} 23. Kf1 {[%clk 0:37:50]} e5 {[%clk 0:20:06]} 24. Rd3
{[%clk 0:29:46]} Nd5 {[%clk 0:18:25]} 25. Rg3 {[%clk 0:27:43]} Kf7
{[%clk 0:15:51]} 26. c4 {[%clk 0:27:13]} Nf4 {[%clk 0:13:51]} 27. Rb3
{[%clk 0:26:12]} b6 {[%clk 0:12:27]} 28. g3 {[%clk 0:26:28]} Ng6 {[%clk 0:12:47]}
29. Ne4 {[%clk 0:24:27]} Ke7 {[%clk 0:10:41]} 30. c5 {[%clk 0:23:08]} Nf8
{[%clk 0:10:00]} 31. Rc3 {[%clk 0:09:09]} Ne6 {[%clk 0:04:04]} 32. cxb6
{[%clk 0:08:34]} Rxb6 {[%clk 0:04:31]} 33. Ra3 {[%clk 0:06:59]} Rxb2
{[%clk 0:04:07]} 34. Rxa7+ {[%clk 0:07:23]} Kd8 {[%clk 0:04:33]} 35. Nd6
{[%clk 0:07:06]} Nc7 {[%clk 0:00:37]} 36. Nf7+ {[%clk 0:07:11]} Kc8
{[%clk 0:01:04]} 37. Nxe5 {[%clk 0:07:29]} Rc2 {[%clk 0:00:33]} 38. Ra4
{[%clk 0:02:12]} Ne6 {[%clk 0:00:37]} 39. Rc4 {[%clk 0:00:55]} Rxa2
{[%clk 0:00:38]} 40. Rxc6+ {[%clk 0:31:16]} Nc7 {[%clk 0:31:05]} 41. Rg6
{[%clk 0:26:14]} Ne8 {[%clk 0:31:26]} 42. Re6 {[%clk 0:26:15]} Kd8
{[%clk 0:27:22]} 43. Nc6+ {[%clk 0:26:18]} Kd7 {[%clk 0:27:16]} 44. Re7+
{[%clk 0:26:42]} Kxc6 {[%clk 0:27:42]} 45. Rxe8 {[%clk 0:27:08]} Kd6
{[%clk 0:24:46]} 46. Kg2 {[%clk 0:25:11]} Ra7 {[%clk 0:25:02]} 47. h4
{[%clk 0:22:33]} Kd7 {[%clk 0:25:10]} 48. Re4 {[%clk 0:22:01]} g6
{[%clk 0:15:53]} 49. Kf3 {[%clk 0:18:24]} Ra5 {[%clk 0:14:30]} 50. Kg4
{[%clk 0:16:57]} Kd6 {[%clk 0:11:13]} 51. Re8 {[%clk 0:13:14]} Rf5
{[%clk 0:08:55]} 52. f4 {[%clk 0:12:04]} h5+ {[%clk 0:05:10]} 53. Kf3
{[%clk 0:12:29]} Rf6 {[%clk 0:03:26]} 54. Re5 {[%clk 0:12:04]} Kd7
{[%clk 0:03:03]} 55. Ke4 {[%clk 0:08:26]} Re6 {[%clk 0:01:44]} 56. f5
{[%clk 0:07:50]} gxf5+ {[%clk 0:02:12]} 57. Kxf5 {[%clk 0:08:15]} Rh6
{[%clk 0:01:34]} 58. Kg5 {[%clk 0:08:18]} Rh8 {[%clk 0:01:48]} 59. Kf6
{[%clk 0:08:30]} Rf8+ {[%clk 0:00:33]} 60. Kg7 {[%clk 0:08:55]} Rf3
{[%clk 0:00:59]} 61. Rg5 {[%clk 0:09:21]} Ke7 {[%clk 0:01:04]} 62. Kg6
{[%clk 0:09:43]} Rf6+ {[%clk 0:01:30]} 63. Kxh5 {[%clk 0:10:07]} Kf7
{[%clk 0:01:57]} 64. Ra5 {[%clk 0:10:09]} Kg7 {[%clk 0:02:16]} 65. Ra7+
{[%clk 0:10:32]} Kh8 {[%clk 0:02:36]} 66. g4 {[%clk 0:10:31]} Kg8
{[%clk 0:01:33]} 67. g5 {[%clk 0:10:53]} Rb6 {[%clk 0:01:59]} 68. g6
{[%clk 0:10:35]} Rb8 {[%clk 0:01:57]} 69. Kh6 {[%clk 0:10:49]} Rc8
{[%clk 0:02:22]} 70. h5 {[%clk 0:11:07]} Rb8 {[%clk 0:02:45]} 71. Rg7+
{[%clk 0:10:20]} Kh8 {[%clk 0:03:09]} 72. Rf7 {[%clk 0:10:43]} Kg8
{[%clk 0:03:20]} 73. Kg5 {[%clk 0:10:48]} Rb5+ {[%clk 0:03:14]} 74. Rf5
{[%clk 0:11:13]} Rb1 {[%clk 0:03:40]} 75. Ra5 {[%clk 0:11:04]} Rb8
{[%clk 0:03:51]} 76. h6 {[%clk 0:11:12]} Kh8 {[%clk 0:04:14]} 77. Rf5
{[%clk 0:11:25]} Rg8 {[%clk 0:03:42]} 78. Rf8 {[%clk 0:10:57]} Rxf8
{[%clk 0:03:52]} 79. g7+ {[%clk 0:11:22]} Kg8 {[%clk 0:04:02]} 80. Kg6
{[%clk 0:11:47]} 1-0

[Event "Moscow Open A,B"]
[Site "?"]
[Date "2017.02.02"]
[Round "6.13"]
[White "Kharchenko, Boris"]
[Black "Goganov, Aleksey"]
[Result "1/2-1/2"]
[BlackElo "2639"]
[WhiteElo "2461"]
[LiveChessVersion "1.4.8"]

1. e4 {[%clk 1:30:52]} e5 {[%clk 1:28:37]} 2. Nf3 {[%clk 1:31:15]} Nc6
{[%clk 1:29:04]} 3. Bb5 {[%clk 1:31:39]} Nf6 {[%clk 1:29:30]} 4. d3
{[%clk 1:31:50]} Bc5 {[%clk 1:29:51]} 5. c3 {[%clk 1:31:53]} O-O {[%clk 1:30:05]}
6. O-O {[%clk 1:31:03]} Re8 {[%clk 1:29:57]} 7. Bg5 {[%clk 1:28:39]} h6
{[%clk 1:30:17]} 8. Bh4 {[%clk 1:29:04]} a6 {[%clk 1:30:04]} 9. Bc4
{[%clk 1:25:40]} Be7 {[%clk 1:25:16]} 10. a4 {[%clk 1:21:10]} d6 {[%clk 1:12:56]}
11. Na3 {[%clk 1:13:26]} Nh5 {[%clk 1:11:54]} 12. Bxe7 {[%clk 1:11:19]} Qxe7
{[%clk 1:11:56]} 13. Nc2 {[%clk 1:10:57]} Nf4 {[%clk 1:11:58]} 14. Ne3
{[%clk 1:07:41]} Qf6 {[%clk 1:11:45]} 15. g3 {[%clk 1:04:34]} Nh3+
{[%clk 1:10:26]} 16. Kg2 {[%clk 1:00:10]} Ne7 {[%clk 1:10:48]} 17. Ng1
{[%clk 0:54:37]} Nxg1 {[%clk 1:11:04]} 18. Kxg1 {[%clk 0:53:47]} Bh3
{[%clk 1:11:21]} 19. Re1 {[%clk 0:51:19]} c6 {[%clk 1:10:10]} 20. a5
{[%clk 0:47:04]} Rad8 {[%clk 1:10:32]} 21. Qh5 {[%clk 0:44:38]} Be6
{[%clk 1:08:20]} 22. Ng4 {[%clk 0:39:08]} Qg6 {[%clk 1:06:25]} 23. Qxg6
{[%clk 0:39:23]} Nxg6 {[%clk 1:06:50]} 24. Bxe6 {[%clk 0:35:26]} Rxe6
{[%clk 1:07:15]} 25. Ne3 {[%clk 0:34:38]} Ne7 {[%clk 1:02:31]} 26. Kf1
{[%clk 0:28:06]} d5 {[%clk 1:01:47]} 27. Ke2 {[%clk 0:28:18]} f6 {[%clk 1:01:58]}
28. f3 {[%clk 0:21:48]} Red6 {[%clk 1:01:24]} 29. Red1 {[%clk 0:21:52]} R6d7
{[%clk 1:01:43]} 30. c4 {[%clk 0:11:45]} Kf7 {[%clk 0:56:24]} 31. b4
{[%clk 0:12:01]} Ke6 {[%clk 0:55:58]} 32. Rac1 {[%clk 0:09:21]} f5
{[%clk 0:54:57]} 33. cxd5+ {[%clk 0:07:10]} cxd5 {[%clk 0:55:24]} 34. Nxf5
{[%clk 0:02:15]} dxe4 {[%clk 0:54:58]} 35. fxe4 {[%clk 0:01:46]} Nxf5
{[%clk 0:55:23]} 36. exf5+ {[%clk 0:02:13]} Kxf5 {[%clk 0:55:42]} 37. Rc4
{[%clk 0:01:40]} Rd4 {[%clk 0:55:29]} 38. Rxd4 {[%clk 0:00:34]} Rxd4
{[%clk 0:55:53]} 39. Rb1 {[%clk 0:00:58]} h5 {[%clk 0:43:42]} 40. Ke3
{[%clk 0:31:03]} h4 {[%clk 1:12:51]} 41. b5 {[%clk 0:23:17]} hxg3
{[%clk 1:11:36]} 42. hxg3 {[%clk 0:22:56]} Ra4 {[%clk 1:11:32]} 43. bxa6
{[%clk 0:21:16]} bxa6 {[%clk 1:11:13]} 44. Rb6 {[%clk 0:17:42]} Rxa5
{[%clk 1:11:34]} 45. g4+ {[%clk 0:18:09]} Kxg4 {[%clk 1:11:05]} 46. Rg6+
{[%clk 0:18:37]} Kf5 {[%clk 1:11:29]} 47. Rxg7 {[%clk 0:19:04]} Ra1
{[%clk 1:09:09]} 48. Rg8 {[%clk 0:17:25]} a5 {[%clk 1:09:28]} 49. Rf8+
{[%clk 0:13:19]} Ke6 {[%clk 1:09:48]} 50. Re8+ {[%clk 0:13:01]} Kd5
{[%clk 1:09:32]} 51. Kd2 {[%clk 0:12:15]} a4 {[%clk 1:07:53]} 52. Rd8+
{[%clk 0:10:40]} Ke6 {[%clk 1:04:12]} 53. Re8+ {[%clk 0:08:34]} Kf6
{[%clk 0:59:20]} 54. Rf8+ {[%clk 0:08:53]} Ke7 {[%clk 0:59:47]} 55. Ra8
{[%clk 0:09:17]} a3 {[%clk 0:57:28]} 56. Kc2 {[%clk 0:09:32]} Ke6
{[%clk 0:57:06]} 57. Rd8 {[%clk 0:01:58]} Kf6 {[%clk 0:50:56]} 58. Rd5
{[%clk 0:01:56]} Ke6 {[%clk 0:50:51]} 59. Rd8 {[%clk 0:02:24]} Kf5
{[%clk 0:50:43]} 60. Kb3 {[%clk 0:01:49]} Kf4 {[%clk 0:50:33]} 61. Rd5
{[%clk 0:02:08]} a2 {[%clk 0:47:50]} 62. Kb2 {[%clk 0:02:37]} Rb1+
{[%clk 0:48:10]} 63. Kxa2 {[%clk 0:03:06]} Rb4 64. Ka3 Rb1 {[%clk 0:48:29]}
1/2-1/2

[Event "Moscow Open A,B"]
[Site "?"]
[Date "2017.02.02"]
[Round "6.15"]
[White "Zakhartsov, Vladimir"]
[Black "Timofeev, Artyom"]
[Result "1/2-1/2"]
[BlackElo "2579"]
[WhiteElo "2453"]
[LiveChessVersion "1.4.8"]

1. e4 {[%clk 1:27:19]} c5 {[%clk 1:30:54]} 2. Nf3 {[%clk 1:27:45]} Nc6
{[%clk 1:31:13]} 3. d4 {[%clk 1:28:09]} cxd4 {[%clk 1:31:38]} 4. Nxd4
{[%clk 1:28:37]} g6 {[%clk 1:31:59]} 5. Nc3 {[%clk 1:28:50]} Bg7 {[%clk 1:32:22]}
6. Be3 {[%clk 1:29:17]} Nf6 {[%clk 1:32:44]} 7. Bc4 {[%clk 1:29:37]} O-O
{[%clk 1:33:06]} 8. Bb3 {[%clk 1:30:04]} Re8 {[%clk 1:33:28]} 9. h3
{[%clk 1:15:47]} d6 {[%clk 1:32:05]} 10. Qd2 {[%clk 1:13:45]} Na5
{[%clk 1:31:30]} 11. O-O-O {[%clk 1:12:57]} Nxb3+ {[%clk 1:30:29]} 12. Nxb3
{[%clk 1:13:03]} Be6 {[%clk 1:16:47]} 13. Nd4 {[%clk 0:59:31]} Qa5
{[%clk 1:12:21]} 14. Nxe6 {[%clk 0:58:38]} fxe6 {[%clk 1:12:44]} 15. Kb1
{[%clk 0:58:40]} Nd7 {[%clk 1:06:42]} 16. Bd4 {[%clk 0:57:11]} Ne5
{[%clk 1:05:36]} 17. Qg5 {[%clk 0:51:15]} Rac8 {[%clk 1:02:55]} 18. f4
{[%clk 0:47:41]} Bf6 {[%clk 0:46:47]} 19. Qg3 {[%clk 0:48:06]} Nc4
{[%clk 0:47:11]} 20. e5 {[%clk 0:47:48]} dxe5 {[%clk 0:46:34]} 21. fxe5
{[%clk 0:48:17]} Bxe5 {[%clk 0:45:13]} 22. Bxe5 {[%clk 0:48:41]} Qxe5
{[%clk 0:45:36]} 23. Qxe5 {[%clk 0:49:02]} Nxe5 {[%clk 0:46:01]} 24. Rhe1
{[%clk 0:49:28]} Nc6 {[%clk 0:46:04]} 25. Rxe6 {[%clk 0:45:42]} Rcd8
{[%clk 0:44:39]} 26. Rde1 {[%clk 0:43:12]} Rf8 {[%clk 0:42:59]} 27. R6e2
{[%clk 0:41:01]} Rf5 {[%clk 0:42:59]} 28. Ne4 {[%clk 0:39:30]} Nd4
{[%clk 0:39:59]} 29. Re3 {[%clk 0:35:56]} Re5 {[%clk 0:38:28]} 30. c3
{[%clk 0:35:56]} Nf5 {[%clk 0:38:41]} 31. R3e2 {[%clk 0:36:24]} h5
{[%clk 0:38:19]} 32. Kc2 {[%clk 0:35:06]} Rdd5 {[%clk 0:37:26]} 33. Nd2
{[%clk 0:30:42]} Rxe2 {[%clk 0:37:35]} 34. Rxe2 {[%clk 0:31:10]} Kf7
{[%clk 0:37:09]} 35. Nf3 {[%clk 0:31:25]} Nd6 {[%clk 0:36:35]} 36. Ne5+
{[%clk 0:30:10]} Kf6 {[%clk 0:36:48]} 37. Nd7+ {[%clk 0:30:17]} Kf7
{[%clk 0:37:09]} 38. Ne5+ {[%clk 0:30:42]} Kf6 {[%clk 0:37:34]} 39. Nd7+
{[%clk 0:31:09]} Kf7 {[%clk 0:37:56]} 40. Ne5+ {[%clk 1:01:35]} 1/2-1/2
\

[Event "Moscow Open A,B"]
[Site "?"]
[Date "2017.02.03"]
[Round "7.1"]
[White "Gordievsky, Dmitry"]
[Black "Artemiev, Vladislav"]
[Result "1/2-1/2"]
[BlackElo "2655"]
[WhiteElo "2562"]
[LiveChessVersion "1.4.8"]

1. e4 {[%clk 1:30:56]} d5 {[%clk 1:26:28]} 2. exd5 {[%clk 1:30:26]} Qxd5
{[%clk 1:26:46]} 3. Nc3 {[%clk 1:28:51]} Qd6 {[%clk 1:26:59]} 4. d4
{[%clk 1:27:57]} Nf6 {[%clk 1:27:13]} 5. Nf3 {[%clk 1:26:23]} g6 {[%clk 1:26:46]}
6. Nb5 {[%clk 1:24:05]} Qb6 {[%clk 1:26:10]} 7. Be2 {[%clk 1:23:02]} c6
{[%clk 1:23:38]} 8. Na3 {[%clk 1:23:10]} Bg7 {[%clk 1:23:45]} 9. O-O
{[%clk 1:21:32]} O-O {[%clk 1:23:48]} 10. c3 {[%clk 1:21:10]} Nbd7
{[%clk 1:22:33]} 11. Nc4 {[%clk 1:08:41]} Qc7 {[%clk 1:22:44]} 12. a4
{[%clk 1:05:55]} b6 {[%clk 1:14:17]} 13. Bg5 {[%clk 1:04:17]} Bb7
{[%clk 1:11:42]} 14. Bh4 {[%clk 1:03:24]} c5 {[%clk 1:01:44]} 15. Bg3
{[%clk 1:01:14]} Qc8 {[%clk 0:59:14]} 16. Ne3 {[%clk 0:53:20]} cxd4
{[%clk 0:46:41]} 17. cxd4 {[%clk 0:51:25]} Qd8 {[%clk 0:46:59]} 18. Qb3
{[%clk 0:49:03]} Nh5 {[%clk 0:43:54]} 19. Rfd1 {[%clk 0:48:29]} Nxg3
{[%clk 0:42:52]} 20. hxg3 {[%clk 0:48:52]} Rc8 {[%clk 0:31:37]} 21. a5
{[%clk 0:46:43]} Bxf3 {[%clk 0:31:15]} 22. Bxf3 {[%clk 0:42:37]} bxa5
{[%clk 0:31:36]} 23. Nc4 {[%clk 0:39:42]} Rb8 {[%clk 0:25:51]} 24. Qc3
{[%clk 0:36:43]} Rc8 {[%clk 0:24:31]} 25. Qb3 {[%clk 0:33:44]} a4
{[%clk 0:21:12]} 26. Rxa4 {[%clk 0:31:11]} Nb6 {[%clk 0:20:45]} 27. Nxb6
{[%clk 0:30:12]} Qxb6 {[%clk 0:19:39]} 28. Qxb6 {[%clk 0:27:35]} axb6
{[%clk 0:19:52]} 29. Ra7 {[%clk 0:25:07]} Bf6 {[%clk 0:17:23]} 30. d5
{[%clk 0:17:14]} Rc2 {[%clk 0:07:44]} 31. b4 {[%clk 0:11:32]} Rc4
{[%clk 0:01:23]} 32. d6 {[%clk 0:11:04]} exd6 {[%clk 0:01:48]} 33. Rxd6
{[%clk 0:11:29]} Bd4 {[%clk 0:01:34]} 34. Bd5 {[%clk 0:10:09]} Rc1+
{[%clk 0:01:43]} 35. Kh2 {[%clk 0:10:34]} Bxf2 {[%clk 0:02:00]} 36. Rdd7
{[%clk 0:06:59]} Bg1+ {[%clk 0:00:50]} 37. Kh3 {[%clk 0:06:41]} Rf1
{[%clk 0:00:46]} 38. g4 {[%clk 0:06:45]} Be3 {[%clk 0:00:50]} 39. g3
{[%clk 0:06:52]} Kg7 {[%clk 0:00:35]} 40. Ra3 {[%clk 0:36:09]} Bg5
{[%clk 0:30:34]} 41. Rf3 {[%clk 0:20:12]} Rxf3 {[%clk 0:29:19]} 42. Bxf3
{[%clk 0:20:41]} Kh6 {[%clk 0:25:42]} 43. Rb7 {[%clk 0:20:53]} Be3
{[%clk 0:25:53]} 44. Re7 {[%clk 0:21:15]} Bd4 {[%clk 0:17:19]} 45. Rd7
{[%clk 0:21:38]} Bc3 {[%clk 0:14:19]} 46. Rb7 {[%clk 0:21:59]} Bxb4
{[%clk 0:14:22]} 47. Rxb6 {[%clk 0:22:25]} Bc3 {[%clk 0:13:08]} 48. Rc6
{[%clk 0:22:50]} Be5 {[%clk 0:13:20]} 49. Kg2 {[%clk 0:22:25]} Rb8
{[%clk 0:13:20]} 50. Rc2 {[%clk 0:22:47]} Kg5 {[%clk 0:12:58]} 51. Re2
{[%clk 0:23:08]} f6 {[%clk 0:13:05]} 52. Rd2 {[%clk 0:23:29]} Rb4
{[%clk 0:12:24]} 53. Re2 {[%clk 0:23:39]} Ra4 {[%clk 0:08:56]} 54. Rc2
{[%clk 0:23:57]} Ra7 {[%clk 0:08:54]} 55. Re2 {[%clk 0:24:09]} h6
{[%clk 0:06:48]} 56. Rd2 {[%clk 0:24:16]} Rg7 {[%clk 0:06:30]} 57. Kh3
{[%clk 0:23:36]} h5 {[%clk 0:05:49]} 58. gxh5 {[%clk 0:23:57]} gxh5
{[%clk 0:06:08]} 59. Rd3 {[%clk 0:23:32]} f5 {[%clk 0:04:51]} 60. Ra3
{[%clk 0:23:28]} Bd6 {[%clk 0:03:50]} 61. Rd3 {[%clk 0:23:40]} Bc7
{[%clk 0:04:02]} 62. Rc3 {[%clk 0:23:52]} Rh7 {[%clk 0:03:46]} 63. Rc4
{[%clk 0:24:06]} Bd6 {[%clk 0:03:16]} 64. Rh4 {[%clk 0:23:06]} f4
{[%clk 0:02:48]} 1/2-1/2

[Event "Moscow Open A,B"]
[Site "?"]
[Date "2017.02.03"]
[Round "7.2"]
[White "Rozum, Ivan"]
[Black "Grachev, Boris"]
[Result "1/2-1/2"]
[BlackElo "2650"]
[WhiteElo "2601"]
[LiveChessVersion "1.4.8"]

1. Nf3 d5 2. g3 Bg4 3. Bg2 c6 4. c4 e6 5. O-O Nf6 6. cxd5 cxd5 7. Qb3 Bxf3 8.
Bxf3 Qd7 9. d3 Nc6 10. Bg2 Be7 11. Nc3 O-O 12. Bd2 Rac8 13. Rfc1 a6 14. a3 b5 15.
Na2 Rc7 16. Qd1 Rfc8 17. Nb4 Nxb4 18. Rxc7 Rxc7 19. axb4 Qc8 20. Bc3 Nd7 21. e4
dxe4 22. dxe4 Bf6 23. Bxf6 gxf6 24. Qg4+ Kf8 25. Qf4 Kg7 26. Qg4+ Kf8 27. Qf4 Kg7
28. Qg4+ Kf8 1/2-1/2